Estética y arte futuristas: dinamismo plástico

محفوظ في:
التفاصيل البيبلوغرافية
المؤلف الرئيسي: Boccioni, Umberto (مؤلف)
التنسيق: كتاب
اللغة:الإسبانية
منشور في: Barcelona Quaderns Crema 2004
سلاسل:El Acantilado, 100
الموضوعات:
الوسوم: إضافة وسم
لا توجد وسوم, كن أول من يضع وسما على هذه التسجيلة!

MARC

LEADER 00000cam a2200000 a 4500
001 UCG8323
003 CL-VaPUC
008 111202e20040000SP |||||||||||||||||spa|d
020 |a 8496136795 
082 0 4 |a 759.915  |b BOC  |2 21 
100 0 |a Boccioni, Umberto  |e author  |9 347297 
245 1 0 |a Estética y arte futuristas: dinamismo plástico 
300 |a 175 p 
942 |c BK 
945 |d 20111202 00:00:00  |a dcastane 
260 |a Barcelona  |b Quaderns Crema  |c 2004 
650 0 |a Futurismo  |9 265679 
650 0 |a Arte  |9 265238 
650 0 |a Estética   |9 264950 
650 0 |a Artistas italianos   |9 449205 
583 |a last modification  |c 20111202 14:14:00  |k Rodrigo Vera 
490 0 |a El Acantilado, 100 
999 |c 345940  |d 345938 
952 |0 0  |1 0  |4 0  |6 759_915000000000000_BOC_2004  |7 0  |8 R  |9 446340  |a BIBART  |b BIBART  |d 2019-11-22  |i 4806050  |o 759.915 BOC 2004  |p 4806050  |r 2025-03-13  |w 2019-11-22  |y BK_R  |k ART